| 000 -LEADER |
| fixed length control field |
00910pab a2200157 454500 |
| 008 - FIXED-LENGTH DATA ELEMENTS--GENERAL INFORMATION |
| fixed length control field |
180718b2001 xxu||||| |||| 00| 0 eng d |
| 100 ## - MAIN ENTRY--PERSONAL NAME |
| Personal name |
Joseph, Sarah |
| 245 ## - TITLE STATEMENT |
| Title |
Democratic good governance: new agenda for change |
| 260 ## - PUBLICATION, DISTRIBUTION, ETC. |
| Date of publication, distribution, etc. |
2001 |
| 300 ## - PHYSICAL DESCRIPTION |
| Extent |
p.1011-014 |
| 362 ## - DATES OF PUBLICATION AND/OR SEQUENTIAL DESIGNATION |
| Dates of publication and/or sequential designation |
24 Mar |
| 520 ## - SUMMARY, ETC. |
| Summary, etc. |
Good governance espouses freedom of information, a strong legal system and efficient administration, backed by political mobilisation of the disadvantaged through movements or political parties. Despite the increasingly individualist premises of state theory, representative democracy still provides avenues for public debate on social issues. The emphasis should thus be on strengthening democratic institution rather than bypassing them through increased individual or governmental interventions. - Reproduced |
| 650 ## - SUBJECT ADDED ENTRY--TOPICAL TERM |
| Topical term or geographic name entry element |
Public administration |
| 773 ## - HOST ITEM ENTRY |
| Main entry heading |
Economic and Political Weekly |
| 909 ## - |
| -- |
48176 |